Griša. Zkáza a naděje /
Závěrečný díl fantasy trilogie Griša inspirované carským Ruskem, ve kterém pokračují osudy světlonošky Aliny Starkové disponující výjimečnou magickou mocí.
Uloženo v:
| Série: | Griša,
část 3 |
|---|---|
| Hlavní autor: | |
| Další autoři: | |
| Médium: | E-kniha |
| Jazyk: | Czech |
| Vydáno: |
Praha :
Fragment,
2021
|
| Vydání: | 2. vydání |
| Témata: | |
| Příbuzné jednotky: | Z cyklu::
Griša |
| Tagy: |
Žádné tagy |
| LEADER | 03481nam a2200565 i 4500 | ||
|---|---|---|---|
| 001 | 311376 | ||
| 003 | CZ PrSKC | ||
| 005 | 20260601215704.0 | ||
| 007 | ta | ||
| 008 | 210901s2021 xr d 000 f cze | ||
| 015 | |a cnb003349538 | ||
| 020 | |a 9788025353189 |q (soubor 2021) : |c Kč 949,00 | ||
| 020 | |a 978-80-253-5874-0 |q (soubor 2022) : |c Kč 999,00 | ||
| 020 | |a 978-80-253-5232-8 |q (brožováno) : |c Kč 349,00 | ||
| 035 | |a (OCoLC)1274109030 | ||
| 040 | |a OLA001 |b cze |e rda | ||
| 041 | 1 | |a cze |h eng | |
| 072 | 7 | |a 821.111(73)-3 |x Americká próza |2 Konspekt | |
| 072 | 7 | |a 821-93 |x Literatura pro děti a mládež (beletrie) |2 Konspekt | |
| 080 | |a 821.111(73)-31 |2 MRF | ||
| 080 | |a 821-93 |2 MRF | ||
| 080 | |a (0:82-312.9) |2 MRF | ||
| 100 | 1 | |a Bardugo, Leigh, |d 1975- |7 ola2017940808 |4 aut | |
| 240 | 1 | 0 | |a Ruin and rising. |l Česky |
| 245 | 1 | 0 | |a Griša. |p Zkáza a naděje / |c Leigh Bardugo ; z anglického originálu Ruin and rising přeložila Julie Žemlová |
| 246 | 3 | 0 | |a Zkáza a naděje |
| 250 | |a 2. vydání | ||
| 264 | 1 | |a Praha : |b Fragment, |c 2021 | |
| 300 | |a 343 stran ; |c 21 cm | ||
| 336 | |a text |b txt |2 rdacontent | ||
| 337 | |a bez média |b n |2 rdamedia | ||
| 338 | |a svazek |b nc |2 rdacarrier | ||
| 500 | |a Na obálce nad názvem: GrishaVerse | ||
| 500 | |a Dotisk v roce 2022 | ||
| 500 | |a Část nákladu distribuována v roce 2021 a 2022 v třísvazkovém souboru (Světlo a stíny, Bouře a vzdor, Zkáza a naděje) ve společném kartonovém pouzdru se souborným názvem: Trilogie Griša; ISBN souboru pouze na krabici | ||
| 520 | 2 | |a Závěrečný díl fantasy trilogie Griša inspirované carským Ruskem, ve kterém pokračují osudy světlonošky Aliny Starkové disponující výjimečnou magickou mocí. |b Alina a její přítel Mal vyrostli v sirotčinci, odkud vede jejich cesta napříč nebezpečným územím Vrásy. Patří mezi tzv. griši - lidi nadané zvláštní magickou mocí. Alina ovšem zjistí, že její schopnosti jsou ještě specifičtější, neboť je Světlonošem - osobou schopnou přivolávat k sobě světlo. V této chvíli o ni projeví zájem skupina grišů v čele s vůdcem Temnyjem. Alina se musí naučit rozlišovat dobré od zlého a také uvěřit tomu, že i díky jejím schopnostem může zachránit a sjednotit království a porazit nebezpečnou Vrásu. Ve chvíli kdy město Ravky padlo a na trůn dosedl Temnyj, musí zesláblá Alina čelit uctívání šílených fanatiků a očekávat pomoc od spojence - prince Lantsova. Válka je už na dosah a Alinin neúspěch by mohl znamenat zkázu pro celou zemi. | |
| 655 | 7 | |a americké romány |7 fd131796 |2 czenas | |
| 655 | 7 | |a fantasy romány |7 fd184199 |2 czenas | |
| 655 | 7 | |a publikace pro mládež |7 fd133157 |2 czenas | |
| 655 | 9 | |a American fiction |2 eczenas | |
| 655 | 9 | |a fantasy novels |2 eczenas | |
| 655 | 9 | |a juvenile literature |2 eczenas | |
| 700 | 1 | |a Žemlová, Julie |7 xx0147330 |4 trl | |
| 740 | 0 | 2 | |a Trilogie Griša |
| 787 | 0 | 8 | |i Z cyklu: |t Griša |g 3 |
| 900 | |a ABA001 |b 20 | ||
| 044 | |a xr | ||
| 910 | |a RBIT002 | ||
| 998 | |d 332992 |a https://core.palmknihy.cz/api/books/332992/cover?si6mbv |b https://core.palmknihy.cz/api/books/332992/cover/400?si6mbv |c https://core.palmknihy.cz/api/books/332992/cover/50?si6mbv |e 2027-04-01 |g 344 |i 9788025352328 |j https://core.palmknihy.cz/api/books/332992/preview.epub |k https://core.palmknihy.cz/api/books/332992/preview.pdf |l |q 49 |r 1 |s https://www.palmknihy.cz/kniha/332992 |t ebook |y 2021 |z 0 |v Griša |w 3 | ||
| 999 | |d 311374 | ||